Aird and another v Prime Meridian Ltd (Record no. 78260)
[ view plain ]
| 000 -LEADER | |
|---|---|
| fixed length control field | 01872cab a2200193 4500 |
| 001 - CONTROL NUMBER | |
| control field | ##L136372 |
| 008 - FIXED-LENGTH DATA ELEMENTS--GENERAL INFORMATION | |
| fixed length control field | 070129n2006 000 0 eng u |
| 035 ## - SYSTEM CONTROL NUMBER | |
| System control number | (Sirsi) u136372 |
| 041 0# - LANGUAGE CODE | |
| Language code of text/sound track or separate title | eng |
| 245 00 - TITLE STATEMENT | |
| Title | Aird and another v Prime Meridian Ltd |
| Medium | [electronic resource] |
| 260 ## - PUBLICATION, DISTRIBUTION, ETC. | |
| Date of publication, distribution, etc. | 2006 |
| 520 ## - SUMMARY, ETC. | |
| Summary, etc. | [2006] EWCA Civ 1866, 21 December 2006. Considered whether an expert joint statement ordered for the purpose of mediation could be used for another purpose. Respondent C issued proceedings for negligence and breach of duty against appellant P who was employed to provide architect services. The proceedings were stayed for mediation and experts were instructed to prepare a joint statement. A draft joint statement stated to be without prejudice was prepared by the experts but the final joint statement removed the without prejudice statement. When the mediation failed, P tried to use the joint statement in subsequent proceedings on the basis that it was ordered by the court pursuant to the Civil Procedure Rules Part 35.12. C contended that the joint statement was ordered for the mediation and was therefore privileged and the judge upheld this view. P appealed. "Held": appeal allowed. The statement was a joint statement made pursuant to the Civil Procedure Rules Part 35.12 and was not privileged. It therefore did not acquire without prejudice status because it was used in mediation. |
| 650 24 - SUBJECT ADDED ENTRY--TOPICAL TERM | |
| Topical term or geographic name entry element | CIVIL PROCEDURE RULES PART 35.12 |
| 650 24 - SUBJECT ADDED ENTRY--TOPICAL TERM | |
| Topical term or geographic name entry element | AIRD AND ANOTHER V PRIME MERIDIAN LTD |
| 651 #4 - SUBJECT ADDED ENTRY--GEOGRAPHIC NAME | |
| Geographic name | England and Wales |
| Chronological subdivision | 1543- |
| 690 ## - LOCAL SUBJECT ADDED ENTRY--TOPICAL TERM (OCLC, RLIN) | |
| Topical term or geographic name as entry element | MANAGEMENT-DISPUTE AVOIDANCE, MANAGEMENT AND RESOLUTION-DISPUTE MANAGEMENT AND RESOLUTION-ALTERNATIVE DISPUTE RESOLUTION-ASSISTED NEGOTIATION-MEDIATION |
| 856 40 - ELECTRONIC LOCATION AND ACCESS | |
| Uniform Resource Identifier | <a href="https://www.bailii.org/cgi-bin/markup.cgi?doc=/ew/cases/EWCA/Civ/2006/1866.html">https://www.bailii.org/cgi-bin/markup.cgi?doc=/ew/cases/EWCA/Civ/2006/1866.html</a> |
| Public note | View the judgment free of charge at www.bailii.org... |
| 942 ## - ADDED ENTRY ELEMENTS (KOHA) | |
| Suppress in OPAC | 0 |
| Withdrawn status | Lost status | Source of classification or shelving scheme | Damaged status | Not for loan | Home library | Current library | Shelving location | Date acquired | Total Checkouts | Full call number | Barcode | Date last seen | Copy number | Price effective from | Koha item type |
|---|---|---|---|---|---|---|---|---|---|---|---|---|---|---|---|
| Dewey Decimal Classification | Virtual | Virtual | Online | 29/01/2007 | ONLINE PUBLICATION | 136372-2001 | 06/08/2019 | 1 | 06/08/2019 | Law report |